000 00360nam a2200133Ia 4500
008 151001s9999||||xx |||||||||||||| ||und||
100 _aशर्मा कुमार पाटील
245 _aन्याय दर्शन
250 _a1
260 _bहंस प्रकाशन
260 _c2009
300 _a101
365 _b21
999 _c992787
_d992784